Wyspy Jońskie - Statystyki

Ogólne statystyki
  • Ten quiz został rozwiązany 13 razy
    9 od ostatniego zresetowania
  • Średni wynik to 4 z 7
Statystyki odpowiedzi
Wielkość (km2) Wyspa % Poprawnych
592 Korfu
100%
96 Itaka
57%
781 Kefalinia
57%
402 Zakintos
57%
19 Paksos
43%
354 Leukada
29%
276 Kithira
14%
Nie znaleziono quizów pasujących do podanych kryteriów
Rozkład punktacji
Procent ludzi z każdym wynikiem
Percentyl według liczby udzielonych odpowiedzi
Twoja historia wyników
Nie rozwiązałeś tego quizu od ostatniego zresetowania